Music Quiz

Random Music or Song Quiz
Score 0/20 Timer 06:00
0 Plays Today
Songs Band % Correct
Roxanne, Don't Stand So Close to MeThe Police
95.8%
Love Shack, Rock LobsterThe B-52's
94.5%
Heart of Glass, Call MeBlondie
94.1%
Hungry Like the Wolf, Girls on FilmDuran Duran
93.5%
Whip It, Jocko HomoDevo
89.9%
Burning Down the House, Psycho KillerTalking Heads
89.9%
Enjoy the Silence, People are PeopleDepeche Mode
81.3%
Don't You (Forget About Me), Alive and KickingSimple Minds
81.3%
Down Under, Who Can It Be NowMen at Work
81.1%
Blue Monday, True FaithNew Order
81.1%
Songs Band % Correct
Video Killed the Radio Star, Living in the Plastic AgeThe Buggles
80.6%
Close to Me, LovesongThe Cure
79%
Just What I Needed, You Might ThinkThe Cars
72.4%
We Got the Beat, Head Over HeelsThe Go-Go's
71.6%
Venus, Shy BoyBananarama
68%
Antmusic, Stand and DeliverAdam and the Ants
62.3%
I Touch Myself, Pleasure and PainDivinyls
55%
Sex (I'm a...), The MetroBerlin
54.1%
Little Girls, Dead Man's PartyOingo Boingo
50.5%
Hourglass, Black Coffee in BedSqueeze
49%

You're not logged in!

Compare scores with friends on all Sporcle quizzes.
OR
Log In

Sporcle TV

Today on Sporcle TV


Watch our educational content, quiz creation guides, and fun videos on Sporcle TV.

Show Comments

Extras

Created Sep 29, 2009ReportNominate
Tags:Bands Quiz, Song Quiz, New Wave, wave

Top Quizzes Today


Score Distribution

Paid Content

Your Account Isn't Verified!

In order to create a playlist on Sporcle, you need to verify the email address you used during registration. Go to your Sporcle Settings to finish the process.

Report this User

Report this user for behavior that violates our Community Guidelines.

Details: